NBA Rookie of The Year Quiz - Statistics

General Stats
  • This quiz has been taken 5 times
  • The average score is 14 of 74
Answer Stats
Hint Answer % Correct
2004 LeBron James
80%
2024 Victor Wembanyama
80%
2011 Blake Griffin
60%
1955 Bob Pettit
60%
2026 Cooper Flagg
60%
2008 Kevin Durant
60%
1980 Larry Bird
60%
1992 Larry Johnson
60%
1985 Michael Jordan
60%
1993 Shaquille O'Neal
60%
1960 Wilt Chamberlain
60%
1997 Allen Iverson
40%
1990 David Robinson
40%
1991 Derrick Coleman
40%
2012 Kyrie Irving
40%
2019 Luka Doncic
40%
2001 Mike Miller
40%
1986 Patrick Ewing
40%
2003 Amar'e Stoudemire
20%
2015 Andrew Wiggins
20%
2018 Ben Simmons
20%
2006 Chris Paul
20%
1994 Chris Webber
20%
1996 Damon Stoudamire
20%
2009 Derrick Rose
20%
1959 Elgin Baylor
20%
2020 Ja Morant
20%
1970 Kareem Abdul-Jabbar
20%
2016 Karl-Anthony Towns
20%
2021 LaMelo Ball
20%
1988 Mark Jackson
20%
2014 Michael Carter-Williams
20%
1961 Oscar Robertson
20%
2023 Paolo Banchero
20%
1984 Ralph Sampson
20%
1966 Rick Barry
20%
2022 Scottie Barnes
20%
2025 Stephon Castle
20%
1998 Tim Duncan
20%
2010 Tyreke Evans
20%
1999 Vince Carter
20%
1977 Adrian Dantley
0%
1976 Alvan Adams
0%
1973 Bob McAdoo
0%
2007 Brandon Roy
0%
1982 Buck Williams
0%
1987 Chuck Person
0%
2013 Damian Lillard
0%
1981 Darrell Griffith
0%
1967 Dave Bing
0%
1971 Dave Cowens & Geoff Petrie
0%
1968 Earl Monroe
0%
2000 Elton Brand & Steve Francis
0%
2005 Emeka Okafor
0%
1974 Ernie Digregorio
0%
1995 Grant Hill & Jason Kidd
0%
1975 Jamaal Wilkes
0%
1964 Jerry Lucas
0%
2017 Malcom Brogdon
0%
1956 Maurice Stokes
0%
1989 Mitch Richmond
0%
2002 Paul Gasol
0%
1979 Phil Ford
0%
1954 Raymond Felix
0%
1972 Sidney Wicks
0%
1983 Terry Cummings
0%
1963 Terry Dischinnger
0%
1957 Tommy Heinsohn
0%
1962 Walt Bellamy
0%
1978 Walt Davis
0%
1969 Wes Unseld
0%
1953 William Melchionni
0%
1965 Willis Reed
0%
1958 Woody Sauldsberry
0%
No matching quizzes found
Score Distribution
Percent of People with Each Score
Percentile by Number Answered
Your Score History
You have not taken this quiz